[Event "Isle of Man Open"]
[Site "Douglas"]
[Date "21.10.2018"]
[Round "2.17"]
[White "Melkumyan, Hrant"]
[Black "Schneider, Ilja"]
[Result "1-0"]
[WhiteTitle "GM"]
[BlackTitle "IM"]
[WhiteElo "2660"]
[BlackElo "2507"]
[WhiteFideId "13302485"]
[BlackFideId "4663306"]
[EventDate "2018.10.20"]

1. c4 c6 2. Nf3 d5 3. g3 Nf6 4. Bg2 Bg4 5. Ne5 Be6 6. d4 Nbd7 7. Nf3 dxc4 8. Qc2
Qa5+ 9. Nbd2 g6 10. O-O Nb6 11. Ne5 Bg7 12. e4 Rd8 13. Ndf3 Ng4 14. Bd2 Qb5 15.
Ng5 Nxe5 16. Nxe6 fxe6 17. dxe5 Bxe5 18. Rab1 O-O 19. Bh3 Rd6 20. Be3 Bg7 21.
Rfd1 Kh8 22. b3 cxb3 23. axb3 Qh5 24. Bf1 Rfd8 25. Be2 Qa5 26. Kg2 Qc3 27. Qa2
Rxd1 28. Bxd1 Bd4 29. Bf4 Nd7 30. Be2 Nf6 31. Bf3 Kg7 32. b4 e5 33. Bd2 Qd3 34.
Rd1 Qb5 35. Qe6 Ng8 36. h4 Rf8 37. Be1 Rf6 38. Qa2 Qb6 39. Qe2 Rd6 40. h5 g5 41.
Bg4 Nh6 42. Bf3 Qa6 43. Qc2 Qa3 44. Rb1 Qa6 45. b5 Qb6 46. bxc6 Qxc6 47. Qxc6
bxc6 48. Rb7 Kf6 49. Be2 Nf7 50. Bb4 c5 51. Ba5 a6 52. Rc7 Rd8 53. Rc6+ Rd6 54.
Rc8 Rd7 55. Bc4 Nd6 56. Rf8+ Kg7 57. Rg8+ Kf6 58. Rf8+ Kg7 59. Rg8+ Kf6 60. Bd5
c4 61. Rf8+ Kg7 62. Rg8+ Kf6 63. Rf8+ Kg7 64. Ra8 c3 65. Rxa6 Ra7 66. Rxa7 Bxa7
67. Bxc3 Bd4 68. Bd2 h6 69. Kf3 Ne8 70. Be6 Nf6 71. g4 Kf8 72. Bb4 Ke8 73. Bf5
Kf7 74. Ke2 Bb6 75. f3 Bc7 76. Kd3 Bd6 77. Bg6+ Kf8 78. Ba5 Ne8 79. Kc4 Nc7 80.
Bb6 Kg7 81. Bf5 Kf6 82. Bd7 Kg7 83. Kb3 Kf6 84. Ka4 Ne6 85. Bxe6 Kxe6 86. Kb5
Kd7 87. Be3 e6 88. Kb6 Bc7+ 89. Kb7 Bd6 90. Bd2 Be7 91. Bc3 Bd6 92. Bb2 Ke7 93.
Kc6 Bb8 94. Ba3+ 1-0

[Event "Isle of Man Open"]
[Site "Douglas"]
[Date "21.10.2018"]
[Round "2.18"]
[White "Batsiashvili, Nino"]
[Black "Xiong, Jeffery"]
[Result "0-1"]
[WhiteTitle "GM"]
[BlackTitle "GM"]
[WhiteElo "2482"]
[BlackElo "2656"]
[WhiteFideId "13602993"]
[BlackFideId "2047640"]
[EventDate "2018.10.20"]

1. Nf3 c5 2. c4 Nf6 3. Nc3 Nc6 4. e3 e6 5. d4 d5 6. a3 dxc4 7. Bxc4 a6 8. O-O b5
9. Ba2 Bb7 10. Qe2 Be7 11. Rd1 Qc7 12. d5 exd5 13. Nxd5 Nxd5 14. Bxd5 O-O 15. e4
Rad8 16. g3 Na5 17. Bf4 Qb6 18. Rac1 c4 19. Nd4 Bxd5 20. exd5 Bf6 21. Nf5 Nb3
22. Rc2 Rfe8 23. Qg4 g6 24. Nh6+ Kf8 25. Be3 Qb7 26. d6 Re6 27. Nf5 h5 28. Bh6+
Kg8 29. Ne7+ Kh7 30. Qf4 Nd4 31. g4 hxg4 0-1

[Event "Isle of Man Open"]
[Site "Douglas"]
[Date "21.10.2018"]
[Round "2.19"]
[White "Short, Nigel D"]
[Black "Shyam, Sundar M."]
[Result "1/2-1/2"]
[WhiteTitle "GM"]
[BlackTitle "GM"]
[WhiteElo "2652"]
[BlackElo "2505"]
[WhiteFideId "400025"]
[BlackFideId "5019141"]
[EventDate "2018.10.20"]

1. e4 c5 2. Nc3 e6 3. f4 d5 4. Nf3 d4 5. Ne2 Nc6 6. d3 g6 7. g3 Bg7 8. Bg2 Nge7
9. O-O O-O 10. Bd2 a5 11. a4 f5 12. Kh1 h6 13. Nh4 Kh7 14. Ng1 Bd7 15. b3 Nb4
16. Bxb4 cxb4 17. Qe2 Rc8 18. Rae1 Rc5 19. Rf2 Qc7 20. exf5 Nxf5 21. Nxf5 exf5
22. Qd1 Re8 23. Rxe8 Bxe8 24. Re2 Bf7 25. h4 Bf6 26. Kh2 g5 27. hxg5 hxg5 28.
Nh3 g4 29. Nf2 Kg7 30. Qd2 b5 31. axb5 Rxb5 32. Nd1 Rb8 33. Nb2 Qc3 34. Na4 Qxd2 1/2-1/2

[Event "Isle of Man Open"]
[Site "Douglas"]
[Date "21.10.2018"]
[Round "2.20"]
[White "Darini, Pouria"]
[Black "L'Ami, Erwin"]
[Result "0-1"]
[WhiteTitle "GM"]
[BlackTitle "GM"]
[WhiteElo "2475"]
[BlackElo "2639"]
[WhiteFideId "12502200"]
[BlackFideId "1007998"]
[EventDate "2018.10.20"]

1. d4 Nf6 2. Bf4 e6 3. e3 b6 4. Nf3 Bb7 5. c3 d5 6. Nbd2 Bd6 7. Ne5 Nbd7 8. Qf3
O-O 9. Qh3 Ne4 10. Nxe4 dxe4 11. O-O-O a6 12. Bc4 Nf6 13. Bg5 Be7 14. f4 Nd5 15.
Qg3 Kh8 16. Bxd5 Bxd5 17. c4 Bb7 18. Bxe7 Qxe7 19. Kb1 f6 20. Ng4 Rad8 21. Qe1
Rd7 22. Qc3 Rfd8 23. Nf2 a5 24. Rd2 Qb4 25. Qc2 a4 26. Rhd1 c5 27. a3 Qb3 28.
dxc5 Qxc2+ 29. Kxc2 Rxd2+ 30. Rxd2 Rxd2+ 31. Kxd2 bxc5 32. Kc3 Kg8 33. b4 axb3
34. Kxb3 Bc6 35. Nd1 Kf7 36. Nc3 f5 37. Na4 Bxa4+ 38. Kxa4 e5 39. Kb3 exf4 40.
exf4 Ke6 0-1

[Event "Isle of Man Open"]
[Site "Douglas"]
[Date "21.10.2018"]
[Round "2.21"]
[White "Meier, Georg"]
[Black "Anurag, Mhamal"]
[Result "1-0"]
[WhiteTitle "GM"]
[BlackTitle "GM"]
[WhiteElo "2639"]
[BlackElo "2495"]
[WhiteFideId "4675789"]
[BlackFideId "5024366"]
[EventDate "2018.10.20"]

1. Nf3 Nf6 2. g3 g6 3. b3 Bg7 4. Bb2 d6 5. d4 c5 6. Bg2 cxd4 7. Nxd4 d5 8. c4 e5
9. Nc2 d4 10. e3 d3 11. Nb4 e4 12. Nd2 O-O 13. Bxf6 Bxf6 14. Nxe4 Bg4 15. f3 d2+
16. Ke2 Be6 17. Nxf6+ Qxf6 18. Qxd2 Rd8 19. Nd5 Bxd5 20. cxd5 Nc6 21. Rac1 Ne7
22. f4 g5 23. fxg5 Qxg5 24. e4 Qe5 25. Kf2 f5 26. Rhe1 fxe4 27. Rxe4 Qg7 28. Kg1
Nf5 29. Bh3 1-0

[Event "Isle of Man Open"]
[Site "Douglas"]
[Date "21.10.2018"]
[Round "2.22"]
[White "Sevian, Samuel"]
[Black "Khmelniker, Ilya"]
[Result "1-0"]
[WhiteTitle "GM"]
[BlackTitle "GM"]
[WhiteElo "2634"]
[BlackElo "2492"]
[WhiteFideId "2040506"]
[BlackFideId "2805340"]
[EventDate "2018.10.20"]

1. e4 e5 2. Nf3 Nc6 3. Bb5 a6 4. Ba4 g6 5. c3 d6 6. d4 Bd7 7. Bg5 Be7 8. Be3 Nf6
9. d5 Nb8 10. Bc2 O-O 11. h3 Nh5 12. c4 Nf4 13. O-O c5 14. Nc3 Nh5 15. Rb1 a5
16. Bh6 Ng7 17. Qd2 Na6 18. a3 Qe8 19. Nh2 Nc7 20. f4 exf4 21. e5 Nf5 22. exd6
Bxd6 23. Ng4 Be5 24. Bxf8 Bd4+ 25. Kh2 Ne3 26. Bd6 Bxg4 27. Bxc7 f3 28. Rfe1
fxg2 29. Bf4 Nf1+ 30. Rxf1 gxf1=N+ 31. Rxf1 1-0

[Event "Isle of Man Open"]
[Site "Douglas"]
[Date "21.10.2018"]
[Round "2.23"]
[White "Tari, Aryan"]
[Black "Zumsande, Martin"]
[Result "1-0"]
[WhiteTitle "GM"]
[BlackTitle "IM"]
[WhiteElo "2618"]
[BlackElo "2492"]
[WhiteFideId "1510045"]
[BlackFideId "4651324"]
[EventDate "2018.10.20"]

1. e4 e6 2. d4 d5 3. Nc3 Nf6 4. e5 Nfd7 5. f4 c5 6. Nf3 Nc6 7. Be3 a6 8. Ne2 Qb6
9. Qc1 f6 10. c3 Be7 11. exf6 Nxf6 12. dxc5 Bxc5 13. Bxc5 Qxc5 14. Ned4 O-O 15.
Bd3 Bd7 16. O-O Rae8 17. Kh1 Qb6 18. a4 Nxd4 19. Nxd4 e5 20. fxe5 Rxe5 21. a5
Qc5 22. Qf4 Rfe8 23. h3 Qe7 24. Rf3 Nh5 25. Qd2 Qh4 26. Kh2 Nf6 27. Raf1 Ne4 28.
Qe3 g6 29. Bxe4 dxe4 30. Rf7 R5e7 31. R1f4 Qh6 32. R7f6 Qg7 33. b4 Kh8 34. Kg1
Qg8 35. Rf1 Kg7 36. Rd6 Rf7 37. Rf4 Ref8 38. Rxe4 Bc8 39. Ne6+ Bxe6 40. Qd4+ Kh6
41. Rdxe6 Rf1+ 42. Kh2 R8f5 43. Rh4+ Rh5 44. Qe3+ Kg7 45. Rxh5 gxh5 46. Qg5+ 1-0

[Event "Isle of Man Open"]
[Site "Douglas"]
[Date "21.10.2018"]
[Round "2.24"]
[White "Cornette, Deimante"]
[Black "Donchenko, Alexander"]
[Result "0-1"]
[WhiteTitle "IM"]
[BlackTitle "GM"]
[WhiteElo "2462"]
[BlackElo "2610"]
[WhiteFideId "12802859"]
[BlackFideId "24603295"]
[EventDate "2018.10.20"]

1. e4 c6 2. d4 d5 3. exd5 cxd5 4. c3 Nc6 5. Nf3 Bg4 6. Qb3 Bxf3 7. Qxb7 Qc8 8.
Qxc8+ Rxc8 9. gxf3 Nxd4 10. Kd1 Nf5 11. Bf4 Kd8 12. Ba6 Rc6 13. Bb7 Rc4 14. Bb8
e6 15. b3 Rh4 16. Bxa7 Kc7 17. Ba6 Bd6 18. a4 Nf6 19. a5 Nd7 20. Bb5 Ra8 21.
Bb6+ Nxb6 22. axb6+ Kb8 23. Rxa8+ Kxa8 24. Be8 Nh6 25. Bc6+ Kb8 26. h3 Bc5 27.
b7 Nf5 28. Ke2 g6 29. Nd2 Ne7 30. Be8 Rf4 31. b4 Bb6 32. Nb3 Kxb7 33. Ra1 Nc6
34. Na5+ Nxa5 35. bxa5 Bc7 36. Bb5 Ka7 37. a6 Bb6 38. Rc1 Bc5 39. Rb1 Rh4 40.
Rh1 Bb6 41. Rc1 Rh5 42. c4 d4 43. Rh1 Rh4 44. Be8 Rf4 45. Bc6 Rf5 46. Bb5 Rh5
47. Kd3 Bc5 48. Ke2 Rh4 49. Kd3 e5 50. Re1 f6 51. Rh1 f5 52. Re1 e4+ 53. fxe4
Rxh3+ 54. Kc2 d3+ 55. Kb2 Bxf2 56. Rf1 Rf3 57. Rh1 Bd4+ 58. Kb3 fxe4 59. Rxh7+
Kb8 60. Rb7+ Kc8 61. Bd7+ Kd8 62. Bg4 Rf4 63. Rd7+ Kc8 64. Rxd4+ Kb8 65. Bd7 e3
66. Rxd3 e2 67. Re3 Rf3 68. Rxf3 e1=Q 69. Bc6 Ka7 70. Bb7 Qe7 71. Ka4 g5 72. Kb5
g4 73. Rd3 g3 74. Bg2 Qe5+ 75. Kc6 Qe2 76. Rd7+ Kxa6 77. Bd5 g2 78. Bxg2 Qxc4+
79. Kd6 Qb4+ 80. Kc6 Qc3+ 81. Kd6 Qg3+ 82. Ke6 Qxg2 83. Rd5 Kb6 84. Ke5 Qf3 85.
Rd4 Kc5 86. Re4 Qf7 87. Rf4 Qe7+ 88. Kf5 Kd5 89. Kg4 Qe6+ 90. Kg5 Ke5 91. Rf2
Qg8+ 92. Kh4 Ke4 93. Kh3 Qg5 94. Rg2 Qh5+ 95. Kg3 Qf3+ 96. Kh2 Kf4 97. Kg1 Qe4
98. Kf2 Qd5 99. Rh2 Qd2+ 100. Kg1 Qe1+ 101. Kg2 Kg4 102. Rh1 Qe2+ 103. Kg1 Kg3 0-1

[Event "Isle of Man Open"]
[Site "Douglas"]
[Date "21.10.2018"]
[Round "2.25"]
[White "Jumabayev, Rinat"]
[Black "Henderson de La Fuente, Lance"]
[Result "1-0"]
[WhiteTitle "GM"]
[BlackTitle "IM"]
[WhiteElo "2605"]
[BlackElo "2484"]
[WhiteFideId "13702661"]
[BlackFideId "32096585"]
[EventDate "2018.10.20"]

1. c4 Nf6 2. Nc3 e6 3. Nf3 d5 4. e3 Be7 5. b3 O-O 6. Bb2 c5 7. cxd5 exd5 8. d4
b6 9. Be2 Bb7 10. O-O Nbd7 11. Rc1 Re8 12. Rc2 Rc8 13. Qa1 Bd6 14. Rd1 a6 15.
dxc5 bxc5 16. Rcd2 Nb6 17. a4 d4 18. exd4 c4 19. a5 Nbd5 20. bxc4 Nxc3 21. Bxc3
Rxe2 22. Rxe2 Bxf3 23. gxf3 Nh5 24. Re4 f5 25. Re5 Nf4 26. Kh1 Qh4 27. Rg1 Bxe5
28. dxe5 Ne2 29. Rg2 Qxc4 30. Bb2 Nf4 31. Rg1 Qe2 32. Qd1 Qxf2 33. e6 Qxb2 34.
Qd7 Rb8 35. Qf7+ Kh8 36. e7 1-0

[Event "Isle of Man Open"]
[Site "Douglas"]
[Date "21.10.2018"]
[Round "2.26"]
[White "Williams, Simon K"]
[Black "Fridman, Daniel"]
[Result "1/2-1/2"]
[WhiteTitle "GM"]
[BlackTitle "GM"]
[WhiteElo "2457"]
[BlackElo "2600"]
[WhiteFideId "404454"]
[BlackFideId "11600454"]
[EventDate "2018.10.20"]

1. Nf3 Nf6 2. c4 e6 3. b3 d5 4. e3 c5 5. Bb2 Nc6 6. cxd5 exd5 7. Bb5 Bd6 8. O-O
O-O 9. d4 cxd4 10. Nxd4 Bc7 11. Be2 Qd6 12. g3 Bb6 13. Nb5 Qe6 14. N1c3 Ba5 15.
Bf3 Rd8 16. Ne2 Ne4 17. Bg2 Qh6 18. Nf4 Nd2 19. Re1 Ne4 20. Rf1 Nd2 21. Re1 Ne4
22. Rf1 Nd2 1/2-1/2

[Event "Isle of Man Open"]
[Site "Douglas"]
[Date "21.10.2018"]
[Round "2.27"]
[White "Vaibhav, Suri"]
[Black "Gormally, Daniel W"]
[Result "1-0"]
[WhiteTitle "GM"]
[BlackTitle "GM"]
[WhiteElo "2597"]
[BlackElo "2482"]
[WhiteFideId "5045185"]
[BlackFideId "406465"]
[EventDate "2018.10.20"]

1. e4 e6 2. d4 d5 3. Nd2 c5 4. Ngf3 Nc6 5. exd5 exd5 6. Bb5 Bd6 7. O-O Ne7 8.
dxc5 Bxc5 9. Nb3 Bb6 10. Re1 O-O 11. Bd3 f6 12. h3 Ne5 13. Be3 Bxe3 14. Rxe3
N7c6 15. c3 Be6 16. Nfd4 Bf7 17. Bc2 Re8 18. Rg3 Kh8 19. Qd2 g6 20. Rd1 Qe7 21.
Qh6 Rg8 22. h4 f5 23. Re1 Rae8 24. Rge3 Ng4 25. Rxe7 Nxh6 26. Nxc6 bxc6 27. f3
Kg7 28. Kf2 Rxe7 29. Rxe7 Rb8 30. Rxa7 c5 31. Nxc5 Rxb2 32. Ne6+ Kf6 33. Nd4 Be8
34. Ke3 Nf7 35. Kd2 Ne5 36. Nb3 Nc4+ 37. Kc1 f4 38. Nd2 Rb6 39. Nxc4 dxc4 40.
Rxh7 Ra6 41. Rc7 Rxa2 42. Rxc4 g5 43. Rc8 Bd7 44. Rc7 Be6 1-0

[Event "Isle of Man Open"]
[Site "Douglas"]
[Date "21.10.2018"]
[Round "2.28"]
[White "Bellaiche, Anthony"]
[Black "Svane, Rasmus"]
[Result "1/2-1/2"]
[WhiteTitle "IM"]
[BlackTitle "GM"]
[WhiteElo "2453"]
[BlackElo "2595"]
[WhiteFideId "615668"]
[BlackFideId "4657101"]
[EventDate "2018.10.20"]

1. d4 e6 2. c4 b6 3. Nf3 Bb7 4. a3 Nf6 5. Nc3 d5 6. cxd5 Nxd5 7. e3 Nxc3 8. bxc3
Be7 9. Bb5+ c6 10. Bd3 c5 11. O-O O-O 12. Qe2 Nc6 13. Bb2 Bf6 14. Rad1 Qe7 15.
e4 g6 16. Rfe1 Rfd8 17. Bb1 Na5 18. h4 Bc6 19. h5 Ba4 20. e5 Bg5 21. Bc2 Bxc2
22. Qxc2 cxd4 23. cxd4 Rac8 24. Qd3 Nc4 25. Bc3 a5 26. a4 Bh6 27. hxg6 hxg6 28.
Nh2 Qg5 29. Re4 Bg7 30. f4 Qe7 31. Ra1 Qc7 32. Be1 Nb2 33. Qe2 Qc2 34. Bh4 Rd7
35. Ng4 Qxe2 36. Rxe2 Nd3 37. Re4 Rc4 38. Rb1 Rb4 39. Rd1 Rdxd4 40. Rxd4 Rxd4
41. Kh2 Rxf4 42. Kg3 Rd4 43. Nf6+ Kf8 44. Bg5 Nf4 45. Rb1 Nd5 46. Rc1 Rd3+ 47.
Kf2 Rc3 48. Nxd5 Rxc1 49. Bxc1 exd5 50. Bb2 Ke8 51. Bd4 Bf8 52. Bxb6 Bb4 53. Ke3
Kd7 54. g4 Kc6 55. Bd8 Kc5 56. Kd3 d4 57. Bc7 Bc3 58. Bd6+ Kd5 59. Bc7 Bb4 60.
Bb8 Be1 61. Bc7 Bc3 62. Bb8 Ke6 63. Bc7 Kd5 64. Bb8 Bb4 65. Bc7 Kc6 66. Bd8 Bc3
67. Kc4 Kb7 68. Kd3 Ka6 69. Bc7 Ka7 70. Bd6 Kb6 71. Kc4 Kc6 72. Be7 Bb2 73. Bd8
Bc3 74. Be7 Ba1 75. Bd8 Bc3 1/2-1/2

[Event "Isle of Man Open"]
[Site "Douglas"]
[Date "21.10.2018"]
[Round "2.29"]
[White "Huschenbeth, Niclas"]
[Black "Prithu, Gupta"]
[Result "1/2-1/2"]
[WhiteTitle "GM"]
[BlackTitle "IM"]
[WhiteElo "2589"]
[BlackElo "2458"]
[WhiteFideId "24604747"]
[BlackFideId "46618546"]
[EventDate "2018.10.20"]

1. e4 c5 2. Nf3 d6 3. d4 cxd4 4. Nxd4 Nf6 5. Nc3 a6 6. Bg5 Nbd7 7. Bc4 Qb6 8.
O-O Qxb2 9. Nd5 Nxd5 10. Rb1 Qc3 11. Bxd5 e6 12. Bxb7 Bxb7 13. Rxb7 Nc5 14. Rb6
Nxe4 15. Be3 Qc7 16. Qb1 Nc5 17. Nf5 exf5 18. Bxc5 dxc5 19. Rb7 Qd8 20. Qb2 Be7
21. Qxg7 Qd4 22. Qxd4 cxd4 23. Re1 O-O 24. Rexe7 Rac8 25. Rec7 Rxc7 26. Rxc7 Rb8
27. Kf1 Rb2 28. Ke2 Rxa2 29. Kd3 Ra1 30. Rc5 Rd1+ 31. Ke2 Rc1 32. Kd2 Rg1 33. g3
f4 34. gxf4 Rf1 35. Ke2 Rc1 36. Kd2 Rf1 37. Ke2 Rc1 38. h4 Kg7 39. Rc4 a5 40.
Kd2 Rf1 41. Rxd4 Rxf2+ 42. Kd3 Rf3+ 43. Ke4 Rc3 44. Ra4 1/2-1/2

[Event "Isle of Man Open"]
[Site "Douglas"]
[Date "21.10.2018"]
[Round "2.30"]
[White "Bianco, Valerio"]
[Black "Gupta, Abhijeet"]
[Result "0-1"]
[BlackTitle "GM"]
[WhiteElo "2008"]
[BlackElo "2588"]
[WhiteFideId "800600"]
[BlackFideId "5010608"]
[EventDate "2018.10.20"]

1. d4 Nf6 2. c4 Nc6 3. Nf3 e6 4. e3 Bb4+ 5. Bd2 Bxd2+ 6. Qxd2 O-O 7. Nc3 d6 8.
Rd1 Qe7 9. Be2 b6 10. O-O Ba6 11. Qc2 Bb7 12. Rfe1 Nb8 13. e4 Nbd7 14. e5 Ne8
15. Ne4 h6 16. Bd3 Rd8 17. Qe2 c5 18. exd6 Nxd6 19. Nxd6 Qxd6 20. Be4 Ba6 21. b3
Qc7 22. Bb1 Nf6 23. Qe5 Qc8 24. dxc5 bxc5 25. Nd2 Bb7 26. Ne4 Bxe4 27. Bxe4 Qa6
28. Bb1 Qa5 29. h3 Rd2 30. Rxd2 Qxd2 31. Kf1 Rc8 32. Qe3 Qd6 33. Bc2 Qh2 34. Rd1
g5 35. Be4 Kg7 36. Bf3 e5 37. Be4 Re8 38. Ke2 Re6 39. Rd2 Qf4 40. Bd5 Rd6 41. g3
Qxe3+ 42. Kxe3 Kf8 43. Bg2 Ke7 44. Rxd6 Kxd6 45. a3 Nd7 46. Be4 a5 47. Kd3 Nf6
48. Bf5 Ng8 49. Kc3 Ne7 50. Bc2 Nc6 51. Bd1 e4 52. Bh5 Ke6 53. h4 gxh4 54. gxh4
f5 55. f3 Ke5 56. fxe4 fxe4 57. Be8 Ne7 58. b4 axb4+ 59. axb4 cxb4+ 60. Kxb4 Kd4
61. Bh5 e3 62. Be2 Nf5 63. c5 Ne7 64. Bc4 Nd5+ 65. Bxd5 e2 66. Bc4 0-1

[Event "Isle of Man Open"]
[Site "Douglas"]
[Date "21.10.2018"]
[Round "2.31"]
[White "Tregubov, Pavel V."]
[Black "Gukesh, D"]
[Result "1-0"]
[WhiteTitle "GM"]
[BlackTitle "IM"]
[WhiteElo "2588"]
[BlackElo "2456"]
[WhiteFideId "4115341"]
[BlackFideId "46616543"]
[EventDate "2018.10.20"]

1. d4 d5 2. c4 c6 3. cxd5 cxd5 4. Bf4 Nc6 5. e3 Nf6 6. Nc3 a6 7. Bd3 Bg4 8. Nge2
e6 9. O-O Bd6 10. f3 Bh5 11. Na4 O-O 12. Nc5 Bxc5 13. dxc5 Bg6 14. Bd6 Bxd3 15.
Qxd3 Re8 16. Nd4 Qd7 17. Nxc6 bxc6 18. e4 e5 19. Rfe1 dxe4 20. fxe4 Re6 21. Qc3
Rae8 22. Rad1 Qc8 23. Qa5 Nh5 24. Qc7 g6 25. Rd3 Qxc7 26. Bxc7 f5 27. Ra3 Nf6
28. exf5 gxf5 29. Rxa6 e4 30. Bd6 Nd5 31. g3 Nb4 32. Ra4 Nd3 33. Re2 e3 34. Rd4
Nf2 35. Kg2 Ng4 36. Bf4 Nf6 37. Rd6 Nd5 38. Rxe6 Rxe6 39. Kf3 Re4 40. Bxe3 Kf7
41. b3 Nc3 42. Rd2 Nd5 43. Rd3 Rb4 44. Rd4 Rb5 45. Rc4 Nb4 46. a4 Rb7 47. Rh4
Kg6 48. Bd2 Nd3 49. b4 Ne5+ 50. Ke2 Re7 51. Kd1 Rd7 52. Rh6+ Kg7 53. Rd6 Rxd6
54. cxd6 Kf7 55. a5 Ke6 56. a6 Nc4 57. a7 Nb6 58. Be3 Na8 59. Bc5 1-0

[Event "Isle of Man Open"]
[Site "Douglas"]
[Date "21.10.2018"]
[Round "2.32"]
[White "Giri, Anish"]
[Black "House, Glenn L"]
[Result "1-0"]
[WhiteTitle "GM"]
[BlackTitle "FM"]
[WhiteElo "2780"]
[BlackElo "2180"]
[WhiteFideId "24116068"]
[BlackFideId "406228"]
[EventDate "2018.10.20"]

1. e4 c5 2. Nf3 e6 3. d4 cxd4 4. Nxd4 Nf6 5. Nc3 d6 6. g4 h6 7. Rg1 Nc6 8. Be3
a6 9. h4 d5 10. exd5 Nxd5 11. Nxd5 exd5 12. Qd2 Be7 13. O-O-O Bxh4 14. Nxc6 bxc6
15. Bc5 Be6 16. f4 Qb8 17. Kb1 Bf6 18. c4 Ra7 19. cxd5 Rb7 20. Ba3 Bxd5 21. Bg2
Bxb2 22. Bxb2 O-O 23. Bxd5 cxd5 24. Ka1 Rd8 25. g5 1-0

[Event "Isle of Man Open"]
[Site "Douglas"]
[Date "21.10.2018"]
[Round "2.33"]
[White "Kramnik, Vladimir"]
[Black "Kashlinskaya, Alina"]
[Result "1/2-1/2"]
[WhiteTitle "GM"]
[BlackTitle "IM"]
[WhiteElo "2779"]
[BlackElo "2447"]
[WhiteFideId "4101588"]
[BlackFideId "4198026"]
[EventDate "2018.10.20"]

1. Nf3 Nf6 2. g3 g6 3. b3 Bg7 4. Bb2 c5 5. c4 d6 6. Bg2 e5 7. O-O O-O 8. Nc3 Nc6
9. d3 h6 10. Ne1 Be6 11. Nd5 Qd7 12. Qd2 Nh7 13. f4 f5 14. Nc2 Rae8 15. Rae1 Kh8
16. b4 exf4 17. Bxg7+ Qxg7 18. Nxf4 Bd7 19. b5 Ne5 20. Qa5 Nf6 21. Qc7 g5 22.
Nh3 Bc8 23. Qxg7+ Kxg7 24. a4 Neg4 25. Kh1 Ne3 26. Nxe3 Rxe3 27. Ng1 g4 28. Rd1
h5 29. d4 h4 30. gxh4 Rh8 31. dxc5 dxc5 32. Rd3 Re5 33. e3 Be6 34. Rc1 Ne4 35.
Bxe4 Rxe4 36. Ne2 Rxc4 37. Rxc4 Bxc4 38. Rd7+ Kf6 39. Nf4 Re8 40. Rd6+ Ke5 41.
Rd2 Ke4 42. Rc2 Bb3 43. Rc3 c4 44. Kg2 Ke5 45. h5 Kf6 46. Kf2 Kg5 47. Rc1 Rc8
48. Ne6+ Kxh5 49. Nd4 Bxa4 50. Ra1 c3 51. Rxa4 c2 52. Ne2 c1=Q 53. Nxc1 Rxc1 54.
Rxa7 Rc7 55. b6 Re7 56. Ra5 Kg6 57. Ra3 Re6 58. Rb3 Kg5 59. Kg3 Rh6 60. Kg2 Rh3
61. Rd3 Kf6 62. Rd7 Rxe3 63. Rxb7 Rb3 64. Rb8 Ke5 65. h3 gxh3+ 66. Kh2 Kf4 67.
b7 Kf3 1/2-1/2

[Event "Isle of Man Open"]
[Site "Douglas"]
[Date "21.10.2018"]
[Round "2.34"]
[White "Raja, Harshit"]
[Black "So, Wesley"]
[Result "0-1"]
[WhiteTitle "IM"]
[BlackTitle "GM"]
[WhiteElo "2420"]
[BlackElo "2776"]
[WhiteFideId "5089000"]
[BlackFideId "5202213"]
[EventDate "2018.10.20"]

1. e4 e6 2. d4 d5 3. Nd2 Be7 4. Bd3 c5 5. dxc5 Nf6 6. Ngf3 dxe4 7. Nxe4 Nxe4 8.
Bxe4 Qxd1+ 9. Kxd1 Bxc5 10. Ke2 Nd7 11. Rd1 Nf6 12. Bd3 O-O 13. Be3 Bxe3 14.
fxe3 b6 15. a4 Bb7 16. a5 Rfb8 17. axb6 axb6 18. c3 Kf8 19. g3 Ke7 20. Ne5 h5
21. Bb5 Rc8 22. Nc4 Rc5 23. Rxa8 Bxa8 24. Ra1 Bd5 25. Ra7+ Kf8 26. Nd6 Rxb5 27.
b4 Ne4 28. Nxb5 Bc4+ 29. Kf3 Nd2+ 30. Kf4 Bxb5 31. Rb7 f6 32. e4 e5+ 33. Ke3
Nc4+ 34. Kf3 Nd2+ 35. Ke3 Nc4+ 36. Kf3 Be8 37. h3 f5 38. Rb8 Nd2+ 39. Kg2 fxe4
40. Rxb6 e3 41. b5 Bd7 42. g4 hxg4 43. hxg4 Bxg4 44. Ra6 e2 45. Kf2 Ne4+ 46. Ke1
Nc5 47. Rd6 Bf3 0-1

[Event "Isle of Man Open"]
[Site "Douglas"]
[Date "21.10.2018"]
[Round "2.36"]
[White "Wojtaszek, Radoslaw"]
[Black "Ladron De Guevara Pinto, Paolo"]
[Result "1-0"]
[WhiteTitle "GM"]
[BlackTitle "IM"]
[WhiteElo "2727"]
[BlackElo "2427"]
[WhiteFideId "1118358"]
[BlackFideId "2290847"]
[EventDate "2018.10.20"]

1. c4 e6 2. Nc3 d5 3. d4 Be7 4. cxd5 exd5 5. Bf4 c6 6. e3 Bf5 7. Nge2 Nf6 8. Ng3
Be6 9. Bd3 g6 10. Qc2 Nbd7 11. h4 h5 12. Nge2 Ng4 13. f3 Nh6 14. g3 Nf5 15.
O-O-O Nb6 16. e4 Nd6 17. Kb1 Qd7 18. Rhe1 O-O-O 19. Na4 Nxa4 20. Qxa4 Kb8 21.
Nc3 Ka8 22. exd5 cxd5 23. Qxd7 Rxd7 24. Bxg6 Bf6 25. Bc2 Rg8 26. Ba4 Rdd8 27.
Bb3 Ne8 28. Rg1 a6 29. Be5 Be7 30. Ne2 Ka7 31. Nf4 Bf5+ 32. Ka1 Be6 33. Nxh5 f6
34. Bf4 Bf7 35. g4 f5 36. Ng3 fxg4 37. Nf5 1-0

[Event "Isle of Man Open"]
[Site "Douglas"]
[Date "21.10.2018"]
[Round "2.37"]
[White "Krishna, C R G"]
[Black "Rapport, Richard"]
[Result "0-1"]
[WhiteTitle "IM"]
[BlackTitle "GM"]
[WhiteElo "2445"]
[BlackElo "2725"]
[WhiteFideId "5018625"]
[BlackFideId "738590"]
[EventDate "2018.10.20"]

1. d4 g6 2. Nf3 Bg7 3. g3 c5 4. d5 d6 5. Bg2 b5 6. O-O Nf6 7. c4 Bb7 8. Re1 bxc4
9. e4 Nfd7 10. Nc3 O-O 11. Bf4 Na6 12. Bf1 Nb6 13. Nd2 Nb4 14. Nxc4 Ba6 15. Na5
Bxf1 16. Rxf1 c4 17. Qd2 Rc8 18. a3 Nd3 19. Nc6 Qd7 20. a4 e6 21. Bh6 exd5 22.
Bxg7 Kxg7 23. exd5 Rce8 24. Nd4 Qg4 25. f4 h5 26. a5 Nd7 27. b3 h4 28. bxc4 N7c5
29. Rf3 Ne5 30. fxe5 dxe5 31. Nce2 Ne4 32. Qb2 Ng5 33. Rf4 Nh3+ 34. Kg2 Nxf4+
35. Nxf4 h3+ 36. Kg1 exd4 37. Qxd4+ Kg8 38. c5 Qf5 39. c6 Re4 40. Qc3 Rxf4 41.
gxf4 Qxd5 42. Qb2 Qxc6 43. Rc1 Qe4 44. Qf2 Rb8 0-1

[Event "Isle of Man Open"]
[Site "Douglas"]
[Date "21.10.2018"]
[Round "2.38"]
[White "Le, Quang Liem"]
[Black "Munguntuul, Batkhuyag"]
[Result "1-0"]
[WhiteTitle "GM"]
[BlackTitle "IM"]
[WhiteElo "2715"]
[BlackElo "2422"]
[WhiteFideId "12401137"]
[BlackFideId "4900758"]
[EventDate "2018.10.20"]

1. e4 c5 2. Nf3 e6 3. d4 cxd4 4. Nxd4 Nc6 5. Nc3 Qc7 6. Be3 a6 7. Qf3 Nf6 8.
O-O-O Ne5 9. Qg3 b5 10. a3 Bb7 11. Bxb5 Rc8 12. Ba4 Bxa3 13. Nde2 Be7 14. Bd4
Nc6 15. e5 Nh5 16. Qg4 g6 17. Ng3 Ng7 18. Nce4 O-O 19. Nf6+ Bxf6 20. exf6 Nf5
21. Bc3 Ne5 22. Qh3 h5 23. Nxf5 exf5 24. Qe3 Ng4 25. Qg5 Kh7 26. f3 Nh6 27. Rxd7
Qb6 28. Bb3 Rc7 29. Rxc7 Qxc7 30. Re1 Qc5 31. Qd2 a5 32. Kb1 Qb6 33. Re7 Bc6 34.
Bd4 Qb5 35. Be3 Qf1+ 36. Ka2 a4 37. Be6 Ng8 38. Rc7 Nxf6 39. Bxf7 Bd7 40. Rxd7
Nxd7 41. Qxd7 1-0